| 000 | 00662nam a2200229Ia 4500 | ||
|---|---|---|---|
| 003 | OSt | ||
| 005 | 20221006164843.0 | ||
| 006 | a|||||r|||| 00| 0 | ||
| 007 | ta | ||
| 008 | 221006b |||||||| |||| 00| 0 hin d | ||
| 024 | _a5,226 | ||
| 037 | _cTextual | ||
| 040 |
_aFML _cFML _bhin |
||
| 041 |
_2hin _ahin |
||
| 082 | _aO15, 2D57:g(R5), 152N0 | ||
| 100 |
_aDivedi Shivbalak Au. _9678495 |
||
| 245 | 0 | _aMahakavi Bhavbhooti Ke Naatako Main Dhwani Tatwa | |
| 260 |
_aKanpur _bAradhana Brothers India _c1990 |
||
| 300 |
_a288 _ccm. |
||
| 942 |
_hO15, 2D57:g(R5), 152N0 _cTEXL _2CC |
||
| 999 |
_c1118707 _d1118707 |
||